| 000 | 00850nam a2200253Ia 4500 | ||
|---|---|---|---|
| 003 | OSt | ||
| 005 | 20220923212503.0 | ||
| 006 | a|||||r|||| 00| 0 | ||
| 007 | ta | ||
| 008 | 220922b |||||||| |||| 00| 0 hin d | ||
| 024 | _a153,468 | ||
| 037 | _cTextual | ||
| 040 |
_aARTS _cARTS _bhin |
||
| 041 |
_2hin _ahin |
||
| 082 | _aO15:f, 152L8 | ||
| 100 | _aकृष्ण लाल | ||
| 245 | 0 | _aसंस्कृत शोध प्रक्रिया एवं वैदिक अध्ययन | |
| 246 | _aSanskṛut shodh prakriyā evan vaidik adhyayana | ||
| 260 |
_aदिल्ली _b किन्मुवैभवम् _c1978 |
||
| 300 |
_a100 पृ. _ccm. |
||
| 650 | _aसंस्कृत साहित्य | ||
| 942 |
_hO15:f, 152L8 _cTEXL _2CC |
||
| 999 |
_c309111 _d309111 |
||